| 000 | 01922nam0a2200337 4500 | ||
|---|---|---|---|
| 001 | RU\NLR\BIBL_A\011688013 | ||
| 005 | 20180525142510.0 | ||
| 021 |
_aRU _bКН-П-18-021444 _9КН-П-18-1565 |
||
| 035 | _a(NLR Aleph) 011688013 | ||
| 035 | _a(RuMoRGB)009580639 | ||
| 090 |
_a11322550 _c11322550 |
||
| 100 | _a20180423d2018 k y0rusy50 ca | ||
| 101 | 0 | _arus | |
| 102 | _aRU | ||
| 105 | _aa|||z|||100zy | ||
| 200 | 1 |
_aТенденции и инновации современной науки _eматериалы XXI Международной научно-прктической конференции (27 февраля 2018 г.) _eтезисы докладов _fНаучно-издательский центр Априори _g[редкол.: Бисалиев Р.В., д.м.н. и др.] |
|
| 210 |
_aКраснодар _cНаучно-издательский центр Априори _d2018 |
||
| 215 |
_a52 с. _aил. _d21 |
||
| 300 | _aНа обл. подзаг.: Сборник тезисов | ||
| 300 | _aНа тит. л.: ISSN 2308-3115 | ||
| 606 | 1 |
_aНаучные конференции _xКраснодар, город _jСборники _2nlr_sh2 _3RU\NLR\AUTH\661583153 |
|
| 686 |
_aЯ431(2)3 _2rubbk |
||
| 686 | 1 | _aЯ431(2Р-4Кр-2К) | |
| 702 | 1 |
_aБисалиев _bР. В. _gРафаэль Валерьевич _3RU\NLR\AUTH\770139164 _4340 |
|
| 711 | 1 | 2 |
_a"Тенденции и инновации современной науки", международная научно-практическая конференция _d21 _f2018 _eКраснодар _3RU\NLR\AUTH\880471390 |
| 712 | 0 | 2 |
_aАприори, научно-издательский центр _cКраснодар _3RU\NLR\AUTH\8810219675 _4475 |
| 942 | _cBOOK | ||
| 980 | _aNB | ||